| 000 | 00851cam a22001691 4500 | ||
|---|---|---|---|
| 082 |
_a940.4 _bMIL |
||
| 100 | 1 |
_aAspinall-Oglander, C. F. _949641 |
|
| 245 | 1 | 0 |
_aMilitary operations, _bGallipoli, _ccompiled by Br.-General C. F. Aspinall-Oglander ... maps and sketches compiled by Major A. F. Becke. |
| 260 |
_aLondon, _bW. Heinemann ltd., _c1929-32 |
||
| 300 |
_a2 v. in 4 _bfront., plates, maps (part. fold.) diagrs. (1 fold.) _c23 cm. |
||
| 490 | 0 | _aHistory of the great war based on official documents, by direction of the Historical section, Committee of imperial defence | |
| 500 | _aFolded diagram and part of the folded maps are in pocket. | ||
| 500 | _aOn cover: Official history of the war. | ||
| 526 |
_a0 _b0 _c0 _d940_400000000000000_MIL |
||
| 650 | 0 |
_aWorld War, 1914-1918 _xCampaigns _zTurkey _zGallipoli Peninsula. _949290 |
|
| 942 |
_2ddc _cBK |
||
| 999 |
_c552546 _d552546 |
||